000
00345nam a2200145 a 4500
005
20140414131914.0
008
100902s19uu xx 00 eng d
050
_a
FIC
_b
Ar1 2003
100
_a
Archer, Chris
245
_a
The last clue.
260
_a
New York :
_b
Scholastic,
_c
2003.
440
_a
Pyrates
999
_c
111376
_d
111376